Pop - Harry Styles (All Lyrics) - Statistics

General Stats
  • This quiz has been taken 46 times
  • The average score is 227 of 272
Answer Stats
Lyrics % Correct
be
96%
I
96%
it,
96%
it
96%
It's
96%
it's
96%
me
96%
pop
96%
(Pop)
96%
Pop
96%
to
96%
again
92%
again,
92%
anywhere
92%
could
92%
do
92%
go
92%
meant
92%
my
92%
This
92%
in
88%
making
88%
you
88%
knees
85%
know
85%
on
85%
and
81%
head?
81%
just
81%
the
81%
time
81%
your
81%
over
77%
Together,
77%
together,
77%
Am
73%
but
73%
But
73%
don't
73%
how
73%
I'll
73%
day
69%
pull
69%
wanna
69%
all
65%
no
65%
thread
65%
at
62%
can't
62%
clean
62%
dogs,
62%
end
62%
fantasy
62%
mix
62%
nice
62%
take
62%
try
62%
two
62%
waiting
62%
behave
58%
Catching
58%
Daytime
58%
flavors
58%
it'll
58%
more
58%
stray
58%
up
58%
game
54%
Katie's
54%
Squeaky
54%
First
50%
mm,
50%
mm
50%
papers
50%
tame
50%
tasting
50%
wanted
50%
rolling
46%
savior
46%
'em
42%
mainlining,
38%
No matching quizzes found
Score Distribution
Percent of People with Each Score
Percentile by Number Answered
Your Score History
You have not taken this quiz